000 00505nam a2200181Ia 4500
008 090123s9999 xx 000 0 und d
082 _b11164
_a891.463/नंदा
100 _aनंदा गुलशन
245 _aशिकार
250 _a1
260 _bमनोरमा प्रकाशन
_c1975
300 _a184
600 _aनंदा गुलशन
630 _aशिकार
700 _aनंदा गुलशन
730 _aशिकार
942 _cBOOK
999 _c49228
_d49228